Amor verdadero o Juan el correo (Record no. 164038)
[ view plain ]
| 000 -LEADER | |
|---|---|
| campo de control de longitud fija | 01000nam a22001815i 4500 |
| 001 - NÚMERO DE CONTROL | |
| campo de control | 164038 |
| 003 - IDENTIFICADOR DE NÚMERO DE CONTROL | |
| campo de control | ES-MaACL |
| 005 - FECHA Y HORA DE LA ÚLTIMA TRANSACCIÓN | |
| campo de control | 20230906212847.0 |
| 008 - DATOS DE LONGITUD FIJA--INFORMACIÓN GENERAL | |
| campo de control de longitud fija | 011116s1867 sp |||| | spa d |
| 040 ## - FUENTE DE CATALOGACIÓN | |
| Centro catalogador/agencia de origen | AR |
| Lengua de catalogación | spa |
| Centro/agencia transcriptor | AR |
| 100 1# - ENTRADA PRINCIPAL--NOMBRE DE PERSONA | |
| Nombre de persona | Rovira y Albert, Manuel de. |
| 9 (RLIN) | 132128 |
| 245 10 - MENCIÓN DEL TÍTULO | |
| Título | Amor verdadero o Juan el correo |
| Resto del título | : drama en cinco actos y diez cuadros arreglado a la escena española del drama inglés D'Arrah na Pogne / |
| Mención de responsabilidad, etc. | por Manuel Rovira y Albert. |
| 260 ## - PUBLICACIÓN, DISTRIBUCIÓN, ETC. | |
| Lugar de publicación, distribución, etc. | Madrid : |
| Nombre del editor, distribuidor, etc. | Administración General de Obras Dramáticas y Líricas, |
| Fecha de publicación, distribución, etc. | 1867 ( |
| Fabricante | José Rodríguez) |
| 300 ## - DESCRIPCIÓN FÍSICA | |
| Extensión | 81 p ; |
| Dimensiones | 21 cm. |
| 500 ## - NOTA GENERAL | |
| Nota general | En port.: Representado por primera vez con extraordinario éxito, en el teatro del Circo en la noche del 8 de febrero de 1867. |
| 598 #1 - NOTA LOCAL | |
| Nota local | El teatro : Administración de Obras Dramáticas y Líricas. |
| 852 ## - LOCALIZACIÓN | |
| Ubicación | ES-MaACL |
| Número de control de estantería | F-8580(4) |
| Nota libre | -- Enc. pasta española, falto de la enc. original |
| -- | -- Enc. en un vol. facticio formando parte de la col. faciticia "Teatro español moderno", vol. 33 |
| Estatus retirado | Estado de pérdida | Estado de daño | No para préstamo | Colección | Biblioteca de origen | Biblioteca actual | Ubicación en estantería | Fecha de adquisición | Total de préstamos | Signatura topográfica completa | Código de barras | Visto por última vez | Precio de reemplazo | Tipo de ítem Koha |
|---|---|---|---|---|---|---|---|---|---|---|---|---|---|---|
| Libros del s. XIX | Biblioteca del Ateneo de Madrid | Biblioteca del Ateneo de Madrid | Sala Pecera Planta 2 | 17/01/2008 | F-8580(4) | 1171921 | 23/02/2023 | 23/02/2023 | Libro impreso antiguo |
